Southville International School and Colleges
Your cart is empty.
  • Cart
  • Lists
    Public lists Eva Luna New books Lux_list list_1
    Your lists Log in to create your own lists
  • Log in to your account
  • Your cookies
  • Search history
Southville International School and Colleges
  • Advanced search
  • Recent comments
  • Most popular
  • Libraries

Log in to your account

Log in with GOOGLE


If you do not have an external account, but do have a local account, you can still log in:

  1. Home
  2. MARC view: Anacaona, Golden Flower /
Normal view MARC view ISBD view

Anacaona, Golden Flower / (Record no. 33216)

[ view plain ]
MARC details
000 -LEADER
fixed length control field 01423cam a2200397 a 4500
001 - CONTROL NUMBER
control field 13610911
003 - CONTROL NUMBER IDENTIFIER
control field OSt
005 - DATE AND TIME OF LATEST TRANSACTION
control field 20140310184237.0
008 - FIXED-LENGTH DATA ELEMENTS--GENERAL INFORMATION
fixed length control field 040601s2005 nyuabcjc 000 1 eng
010 ## - LIBRARY OF CONGRESS CONTROL NUMBER
LC control number 2004012560
020 ## - INTERNATIONAL STANDARD BOOK NUMBER
International Standard Book Number 0439499062
040 ## - CATALOGING SOURCE
Original cataloging agency DLC
Transcribing agency DLC
Modifying agency DLC
042 ## - AUTHENTICATION CODE
Authentication code lcac
050 00 - LIBRARY OF CONGRESS CALL NUMBER
Classification number PZ 7
Item number .D2385An 2005
100 1# - MAIN ENTRY--PERSONAL NAME
Personal name Danticat, Edwidge,
Dates associated with a name 1969-
9 (RLIN) 29293
245 10 - TITLE STATEMENT
Title Anacaona, Golden Flower /
Statement of responsibility, etc by Edwidge Danticat.
250 ## - EDITION STATEMENT
Edition statement 1st ed.
260 ## - PUBLICATION, DISTRIBUTION, ETC. (IMPRINT)
Place of publication, distribution, etc New York, NY :
Name of publisher, distributor, etc Scholastic,
Date of publication, distribution, etc 2005.
300 ## - PHYSICAL DESCRIPTION
Extent 186 p. :
Other physical details ill. ;
Dimensions 20 cm.
440 #4 - SERIES STATEMENT/ADDED ENTRY--TITLE
Title The royal diaries
9 (RLIN) 17275
521 ## - TARGET AUDIENCE NOTE
Target audience note
526 ## - STUDY PROGRAM INFORMATION NOTE
Reading level 1080
600 00 - SUBJECT ADDED ENTRY--PERSONAL NAME
Personal name Anacaona,
Dates associated with a name d. 1504
Form subdivision Juvenile fiction.
9 (RLIN) 29294
600 01 - SUBJECT ADDED ENTRY--PERSONAL NAME
Personal name Anacaona,
Dates associated with a name d. 1504
Form subdivision Fiction.
9 (RLIN) 29295
650 #1 - SUBJECT ADDED ENTRY--TOPICAL TERM
Topical term or geographic name as entry element Taino Indians
Form subdivision Fiction.
9 (RLIN) 29296
650 #1 - SUBJECT ADDED ENTRY--TOPICAL TERM
Topical term or geographic name as entry element Indians of the West Indies
Form subdivision Fiction.
9 (RLIN) 29297
650 #1 - SUBJECT ADDED ENTRY--TOPICAL TERM
Topical term or geographic name as entry element Kings, queens, rulers, etc.
Form subdivision Fiction.
9 (RLIN) 29298
650 #1 - SUBJECT ADDED ENTRY--TOPICAL TERM
Topical term or geographic name as entry element Diaries
Form subdivision Fiction.
9 (RLIN) 29299
651 #1 - SUBJECT ADDED ENTRY--GEOGRAPHIC NAME
Geographic name Haiti
General subdivision History
Chronological subdivision To 1791
Form subdivision Fiction.
9 (RLIN) 29300
651 #1 - SUBJECT ADDED ENTRY--GEOGRAPHIC NAME
Geographic name America
General subdivision Discovery and exploration
-- Spanish
Form subdivision Fiction.
9 (RLIN) 29301
856 42 - ELECTRONIC LOCATION AND ACCESS
Materials specified Publisher description
Uniform Resource Identifier <a href="http://www.loc.gov/catdir/description/schol051/2004012560.html">http://www.loc.gov/catdir/description/schol051/2004012560.html</a>
906 ## - LOCAL DATA ELEMENT F, LDF (RLIN)
a 7
b cbc
c orignew
d 1
e ecip
f 20
g y-gencatlg
942 ## - ADDED ENTRY ELEMENTS (KOHA)
Source of classification or shelving scheme Library of Congress Classification
Koha item type
Holdings
Withdrawn status Lost status Source of classification or shelving scheme Damaged status Home library Current library Shelving location Date acquired Total Checkouts Full call number Barcode Date last seen Copy number Price effective from Koha item type
    Library of Congress Classification   Luxembourg Library Luxembourg Library Scholastic Reading Center Section 03/24/2012   PZ 7 .D2385An 2005 SCHO0066 05/02/2019 1 01/30/2014 Books

Anacaona, Golden Flower /

APA

Danticat E., . (2005). Anacaona, Golden Flower. New York, NY: Scholastic.

Chicago

Danticat Edwidge, . 2005. Anacaona, Golden Flower. New York, NY: Scholastic.

Harvard

Danticat E., . (2005). Anacaona, Golden Flower. New York, NY: Scholastic.

MLA

Danticat Edwidge, . Anacaona, Golden Flower. New York, NY: Scholastic. 2005.

  • Place hold
  • Print
  • Cite
  • Add to your cart (remove)
  • Save record
    BIBTEX Dublin Core MARCXML MARC (non-Unicode/MARC-8) MARC (Unicode/UTF-8) MARC (Unicode/UTF-8, Standard) MODS (XML) RIS
  • More searches
    Search for this title in:
    Other Libraries (WorldCat) Other Databases (Google Scholar) Online Stores (Bookfinder.com) Open Library (openlibrary.org)

Exporting to Dublin Core...

SOUTHVILLE LIBRARY

Southville International School and Colleges Library

1281 Tropical Ave. Cor. Luxembourg St., BF Homes International, Las Pinas City

Tel. No. 8256374 / 252358 Loc. 117/146

Powered by Koha